Climat du monde - Statistiques

Statistiques générales
  • Ce quiz a été pris 25 fois
  • Le résultat moyen est 4 sur 14
Statistiques - réponses
Par images Hint Réponse % Correct
été sec et chaud et hiver doux méditerranéen
83%
chaud et humide toute l'année tropical
74%
hivers froid/été chaud continental
70%
Très chaud et sec toute l'année climat aride/désertique
57%
Tempéré et humide océanique
52%
Froid toute l'année polaire
43%
Très chaud et sec toute l'année climat aride
0%
hivers froid/été chaud climat continental
0%
Très chaud et sec toute l'année climat désertique
0%
été sec et chaud et hiver doux climat méditerranéen
0%
Tempéré et humide Climat océanique
0%
Froid toute l'année climat polaire
0%
chaud et humide toute l'année climat tropical
0%
chaud et humide toute l'année climat tropical humide
0%
Aucun quiz correspondant
Distribution des résultats
% des personnes avec chaque résultat
Percentile par nombre de réponses
Votre historique - résultats
Vous n’avez pas pris ce quiz